Biblioteca y Centro de Documentación

Actas (Registro nro. 24222)

Detalles MARC
000 -CABECERA
Longitud fija campo de control 01303nam a2200325 c 4500
001 - NÚMERO DE CONTROL
Número de control 24222
003 - IDENTIFICADOR DE NÚMERO DE CONTROL
Identificador del número de control ES-MaCES
005 - FECHA Y HORA DE LA ÚLTIMA TRANSACCIÓN
Fecha y hora de la última transacción 20180131142521.0
008 - CAMPO FIJO DE DESCRIPCIÓN FIJA--INFORMACIÓN GENERAL
Códigos de información de longitud fija   120124s2011 sz i100 | spa d
020 ## - ISBN (INTERNATIONAL STANDARD BOOK NUMBER)
Número Internacional Normalizado para Libros (ISBN) 9789223231255
020 ## - ISBN (INTERNATIONAL STANDARD BOOK NUMBER)
Número Internacional Normalizado para Libros (ISBN) 9789223231262 (web pdf)
035 ## - NÚMERO DE CONTROL DEL SISTEMA
Número de control del sistema CES20120000381m
040 ## - FUENTE DE CATALOGACIÓN
Centro catalogador de origen ES-MaCES
Lengua de catalogación spa
Centro transcriptor ES-MaCES
111 2# - ENCABEZAMIENTO PRINCIPAL--NOMBRE DE REUNIÓN
Nombre de congreso o jurisdicción como elemento de entrada Conferencia Internacional del Trabajo
Unidad subordinada Reunión
Número del congreso o número de parte o sección de la obra 100ª
Fecha del congreso 2011
Sede del congreso Ginebra
9 (RLIN) 1155
245 10 - MENCIÓN DE TÍTULO
Título Actas
Mención de responsabilidad, etc. Conferencia Internacional del Trabajo, centésima Reunión, Ginebra, 2011
250 ## - MENCIÓN DE EDICIÓN
Mención de edición 1ª ed
260 ## - PUBLICACIÓN, DISTRIBUCIÓN, ETC (PIE DE IMPRENTA)
Lugar de publicación, distribución, etc. Ginebra
Nombre del editor, distribuidor, etc. Oficina Internacional del Trabajo
Fecha de publicación, distribución, etc. 2011
300 ## - DESCRIPCIÓN FÍSICA
Extensión 1 v. (pag. var.)
Dimensiones 30 cm
500 ## - NOTA GENERAL
Nota general En la port.: sesión plenaria, informes de las comisiones, instrumentos adoptados por la Conferencia, resoluciones, delegaciones
541 ## - NOTA DE LA FUENTE INMEDIANTE DE ADQUISICIÓN
Forma de adquisición Suscripción conjunta
650 #4 - ASIENTO SECUNDARIO DE MATERIA--TÉRMINO DE MATERIA
Término de materia o nombre geográfico como elemento inicial Conferencia Internacional del Trabajo
9 (RLIN) 29037
650 #4 - ASIENTO SECUNDARIO DE MATERIA--TÉRMINO DE MATERIA
Término de materia o nombre geográfico como elemento inicial 2011
9 (RLIN) 31999
650 #4 - ASIENTO SECUNDARIO DE MATERIA--TÉRMINO DE MATERIA
Término de materia o nombre geográfico como elemento inicial documento de conferencia
9 (RLIN) 28945
653 10 - TÉRMINO DE INDEXACIÓN--NO CONTROLADO
Término no controlado Relaciones laborales-Empleo
787 0# - ENTRADA DE OTRAS ESPECIFICACIONES
Título Actas / Conferencia Internacional del Trabajo, nonagésima novena Reunión, Ginebra, 2010
Número de control del registro relacionado (ES-MaCES)23477
710 2# - ENCABEZAMIENTO SECUNDARIO--NOMBRE CORPORATIVO
9 (RLIN) 4718
Nombre de entidad o nombre de jurisdicción como elemento inicial Organización Internacional del Trabajo
Término indicativo de función ed.
902 ## - CES. TIPO DE DOCUMENTO
Tipodoc (006$c Sirtex) LIB Libro
942 ## - ELEMENTOS KOHA
Fuente de clasificaión o esquema Clasificación propia del CES
Koha [por defecto] tipo de item Monografías
Parte de clasificación 2.0.
Existencias
Número de registro Signatura completa Tipo de item de Koha
080815 DPT-11610 Monografías
© CES, Consejo Económico y Social de España 2021